[Event "COL-ch Cat D U1800"]
[Site "Medellin"]
[Date "2021.06.12"]
[Round "4"]
[White "Montoya Echeverri, Sebastian"]
[Black "Rosales Garcia, Jose"]
[Result "1-0"]
[WhiteElo "1522"]
[BlackElo "1621"]
[PlyCount "37"]
[EventDate "2021.06.10"]
[EventType "swiss"]
[EventRounds "7"]
[EventCountry "COL"]
[SourceTitle "EXT 2022"]
[Source "ChessBase"]
[SourceDate "2021.10.06"]
[SourceVersion "1"]
[SourceVersionDate "2021.10.06"]
[SourceQuality "1"]

1. e4 c6 2. d4 d5 3. exd5 cxd5 4. Bd3 a6 5. h3 Nf6 6. Nf3 Nc6 7. c3 g6 8. 0-0 Bg7 9. Re1 0-0 10. Bf4 Nd7 11. Nbd2 f6 12. Qb3 e6 13. Bf1 Re8 14. c4 Na5 15. Qc2 dxc4 16. Nxc4 Nxc4 17. Bxc4 Nb6 18. Bc7 Qd7 19. Bxb6 1-0

[Event "COL-ch Cat D U1800"]
[Site "Medellin"]
[Date "2021.06.11"]
[Round "3"]
[White "Rosales Garcia, Jose"]
[Black "Valencia Quinchia, Isabella"]
[Result "1-0"]
[WhiteElo "1621"]
[BlackElo "1447"]
[PlyCount "125"]
[EventDate "2021.06.10"]
[EventType "swiss"]
[EventRounds "7"]
[EventCountry "COL"]
[SourceTitle "EXT 2022"]
[Source "ChessBase"]
[SourceDate "2021.10.06"]
[SourceVersion "1"]
[SourceVersionDate "2021.10.06"]
[SourceQuality "1"]

1. d4 d6 2. Nf3 g6 3. Bf4 Bg7 4. c3 Nd7 5. h3 e5 6. dxe5 dxe5 7. Bh2 Nh6 8. e3 0-0 9. Be2 Qe7 10. Nbd2 f5 11. 0-0 Nf7 12. Qb3 Nc5 13. Qc2 g5 14. b4 Ne6 15. Nc4 e4 16. Nd4 Nxd4 17. cxd4 g4 18. hxg4 fxg4 19. a3 c6 20. Nd2 Ng5 21. Nc4 Rd8 22. Ne5 h5 23. Rac1 Bxe5 24. Bxe5 h4 25. Qd1 Nf7 26. Bf4 h3 27. Bxg4 hxg2 28. Kxg2 Nd6 29. Rg1 Qh4 30. Bxc8 Raxc8 31. Rc5 Nf7 32. Kf1+ Kf8 33. Rh5 Qf6 34. Qg4 Ke7 35. Bg3 Qe6 36. Bh4+ Kd7 37. Bxd8 Rxd8 38. d5 Qxg4 39. dxc6+ Kxc6 40. Rxg4 Rd5 41. Rg6+ Nd6 42. Rhh6 Rd3 43. a4 Rd5 44. Re6 Kd7 45. Reg6 a6 46. Rg7+ Kc6 47. Re7 Rd3 48. Rxe4 Kd5 49. Rf4 Rd1+ 50. Kg2 Ke5 51. Rh5+ Ke6 52. Kf3 Rd5 53. Rxd5 Kxd5 54. Rd4+ Ke6 55. Rxd6+ Kxd6 56. e4 Ke5 57. Ke3 b5 58. axb5 axb5 59. f4+ Ke6 60. f5+ Ke7 61. e5 Kd7 62. Kd4 Kc7 63. Kc5 1-0